00878cam a2200205 a 450000100100000000500170001000800410002704000250006808200190009310000340011224500870014626000990023330000280033249000600036065100370042083000690045704900090052695201220053599900150065700000650120200929153936.0760315s1972 ck a f000 0 spa d aDO-SdBNPbspacBNPHU a986.102bL358h1 aLatorre Mendoza, Luis.91802310aHistoria e historias de Medellín, siglos XVII-XVIII-XIX /cLuis Latorre Mendoza. aMedellín :bTomas Carrasquilla ;bSecretaría de Educación y Cultura de Antioquia,c1972. a447 p. :bil. ;c20 cm.1 aBiblioteca de Autores Antioqueños. Segunda épocav1 4aMedellin (Colombia{Rpara}918024 0aBiblioteca de Autores Antioqueños. Segunda época ;v1918025 aBNGR 001052708MOaGRbGRcCTd2009-08-31iLF1l0o986.102 L358hp6501-10r2020-06-25w2020-06-25y2ZPréstamo interno c6292d6292